Catálogo

Inmunología celular y molecular / (Registro nro. 64354)

Detalles MARC
000 -LEADER
fixed length control field 01362cam a2200361 i 4500
001 - CONTROL NUMBER
control field 64354
003 - CONTROL NUMBER IDENTIFIER
control field Mx-PuUPA
005 - DATE AND TIME OF LATEST TRANSACTION
control field 20241121155349.0
008 - FIXED-LENGTH DATA ELEMENTS--GENERAL INFORMATION
fixed length control field 220217s2018 sp a|||frp||| 000 0 spa d
020 ## - INTERNATIONAL STANDARD BOOK NUMBER
Canceled/invalid ISBN 9788491132752
040 ## - CATALOGING SOURCE
Transcribing agency Mx-PuUPA
Original cataloging agency Mx-PuUPA
Modifying agency Mx-PuUPA
Language of cataloging spa
Description conventions rda
041 1# - LANGUAGE CODE
Language code of text/sound track or separate title spa
Language code of original eng
100 1# - MAIN ENTRY--PERSONAL NAME
Personal name Abbas, Abul K.,
Relator term autor
9 (RLIN) 637
240 10 - UNIFORM TITLE
Uniform title Cellular and molecular immunology.
Language of a work Español
245 10 - TITLE STATEMENT
Title Inmunología celular y molecular /
Statement of responsibility, etc. Abul K. Abbas, Andrew H. Lichtman, Shiv Pillai ; ilustraciones de David L. Baker, Alexandra Baker
250 ## - EDITION STATEMENT
Edition statement Novena edición
264 #1 - PRODUCTION, PUBLICATION, DISTRIBUTION, MANUFACTURE, AND COPYRIGHT NOTICE
Place of production, publication, distribution, manufacture Barcelona, España :
Name of producer, publisher, distributor, manufacturer Elsevier España,
Date of production, publication, distribution, manufacture, or copyright notice ©2018
300 ## - PHYSICAL DESCRIPTION
Extent x, 564 páginas :
Other physical details ilustraciones ;
Dimensions 28 cm
336 ## - CONTENT TYPE
Fuente rdacontent
Content type term texto
Content type code txt
336 ## - CONTENT TYPE
Fuente rdacontent
Content type term imagen fija
Content type code sti
337 ## - MEDIA TYPE
Source rdamedia
Media type term sin medio
Media type code n
338 ## - CARRIER TYPE
Source rdacarrier
Carrier type term volumen
Carrier type code nc
650 #7 - SUBJECT ADDED ENTRY--TOPICAL TERM
Topical term or geographic name entry element Inmunología
Source of heading or term armarc
700 1# - ADDED ENTRY--PERSONAL NAME
Personal name Lichtman, Andrew H.,
Relator term autor
9 (RLIN) 638
700 1# - ADDED ENTRY--PERSONAL NAME
Personal name Pillai, Shiv,
Relator term autor
9 (RLIN) 639
700 1# - ADDED ENTRY--PERSONAL NAME
Personal name Baker, David L.,
Relator term ilustrador
700 1# - ADDED ENTRY--PERSONAL NAME
Personal name Baker, Alexandra,
Relator term ilustrador
765 08 - ORIGINAL LANGUAGE ENTRY
Main entry heading Abbas, Abul K.,
Title Cellular and molecular immunology.
International Standard Book Number 9780323479783
942 ## - ADDED ENTRY ELEMENTS (KOHA)
Koha item type Libro
Source of classification or shelving scheme Dewey Decimal Classification
Classification part 616.079
Item part A122
Existencias
Withdrawn status Lost status Source of classification or shelving scheme Damaged status Not for loan Collection code Home library Current library Shelving location Date acquired Source of acquisition Total Checkouts Total Renewals Full call number Barcode Date last seen Date last checked out Price effective from Koha item type
    Dewey Decimal Classification     General Biblioteca Karol Wojtyla Biblioteca Karol Wojtyla Sala general 03/12/2013 Reposición 34 5 616.079 A122 2018 80317 07/05/2026 14/11/2025 21/01/2016 Reserva permanente